Central Library OPAC University of Rajshahi

মিনহাজুল আবেদীন : (Record no. 44617)

MARC details
000 -LEADER
fixed length control field 00863nam a22002417a 4500
001 - CONTROL NUMBER
control field 44617
003 - CONTROL NUMBER IDENTIFIER
rucl marc code BD-RjUL
005 - DATE AND TIME OF LATEST TRANSACTION
control field 20211209053906.0
008 - FIXED-LENGTH DATA ELEMENTS--GENERAL INFORMATION
fixed length control field 160718s1976 bg ||||| |||| 00| 0 ben d
020 ## - INTERNATIONAL STANDARD BOOK NUMBER
Terms of availability : TK 25.00
035 ## - SYSTEM CONTROL NUMBER
System control number (BD-RjUL)44735
040 ## - CATALOGING SOURCE
Original cataloging agency BD-RjUL
Language of cataloging ben
Transcribing agency BD-RjUL
041 ## - LANGUAGE CODE
Language code of text/sound track or separate title ben
082 ## - DEWEY DECIMAL CLASSIFICATION NUMBER
Edition number 23
Classification number 297
Author mark and year GAM 1976
100 ## - MAIN ENTRY--PERSONAL NAME
Personal name গাযযালী, ইমাম
9 (RLIN) 136865
245 10 - TITLE STATEMENT
Title মিনহাজুল আবেদীন :
Remainder of title ইবাদত সোপান /
Statement of responsibility, etc. ইমাম গাযযালী
260 ## - PUBLICATION, DISTRIBUTION, ETC. (IMPRINT)
Place of publication, distribution, etc. ঢাকা :
Name of publisher, distributor, etc. বাংলা একাডেমী,
Date of publication, distribution, etc. ১৯৭৬
300 ## - PHYSICAL DESCRIPTION
Pagination [৩৪], ৩৯৬ পৃ. ;
Size ২১ সেমি.
650 ## - SUBJECT ADDED ENTRY--TOPICAL TERM
Topical term or geographic name as entry element ইসলাম
9 (RLIN) 136866
Topical term or geographic name as entry element Islam
9 (RLIN) 136867
700 ## - ADDED ENTRY--PERSONAL NAME
Personal name রহমান, মুজীবুর, অনুবাদ
942 ## - ADDED ENTRY ELEMENTS (KOHA)
Source of classification or shelving scheme Dewey Decimal Classification
Koha item type Books
Holdings
Lost status Source of classification or shelving scheme Damaged status Not for loan Collection code Permanent Location Current Location Shelving location Date acquired Source of acquisition Cost, normal purchase price Total Checkouts Full call number Date last seen Copy number Koha item type
  Dewey Decimal Classification     Non-fiction Central Library, University of Rajshahi Central Library, University of Rajshahi   28/08/1978 Bangla Academy, Dhaka 25.00   B 297 GAM 1976 18/07/2016 C-2 Books
  Dewey Decimal Classification     Non-fiction Central Library, University of Rajshahi Central Library, University of Rajshahi   28/08/1978 Bangla Academy, Dhaka 25.00   B 297 GAM 1976 20/07/2016 C-3 Books
  Dewey Decimal Classification     Non-fiction Central Library, University of Rajshahi Central Library, University of Rajshahi   16/06/1982 Aligash library, Rajshahi 25.00   B 297 GAM 1976 21/09/2016 C-4 Books
  Dewey Decimal Classification     Non-fiction Central Library, University of Rajshahi Central Library, University of Rajshahi     Alighor library, Rajshahi. 25.00   B 297 GAM 1976 24/11/2016 C-5 Books
  Dewey Decimal Classification     Non-fiction Central Library, University of Rajshahi Central Library, University of Rajshahi General Stacks 16/06/1982 Aligarh Library Raj. 25.00   B 297 GAM 1976 11/12/2022 C-6 Books